LEADER 02312nam0 2200397 i 450 001 IEI0082957 005 20251003044158.0 020 $aIT$b95-208s 100 $a19940608d1993 ||||0itac50 ba 101 | $aita 102 $ait 181 1$6z01$ai $bxxxe 182 1$6z01$an 200 1 $aImpresa e territorio$econtributi ad una geografia dell'impresa in Italia$fa cura di Franco Salvatori$gcon scritti di Claudio Cerreti ... [et al.] 210 $aBologna$cPātron$d1993 215 $a270 p.$d22 cm. 225 | $aGeografia e organizzazione dello sviluppo territoriale$v31 314 $aSC/CFI 04/04/96 BNI luglio '94$9CFIV044208 410 0$1001CFI0020264$12001 $aGeografia e organizzazione dello sviluppo territoriale$v31 606 $aItalia$xIndustria$xLocalizzazione$2FIR$3CFIC003120$9I 676 $a330.9$9Economia. Situazione e condizioni economiche$v22 676 $a338.60420945$9ORGANIZZAZIONE DELLA PRODUZIONE. LOCALIZZAZIONE. Italia$v21 676 $a338.60945$9ORGANIZZAZIONE DELLA PRODUZIONE. Italia$v23 696 $aUbicazione 699 $aLocalizzazione$zUbicazione 702 1$aCerreti$b, Claudio$3CFIV044208 702 1$aSalvatori$b, Franco$f <1948- >$3CFIV084657 801 3$aIT$bIT-000000$c19940608 850 $aIT-BN0095 901 $bNAP 01$cLT $n$ 901 $bNAP 01$cPOZZO LIB.$nVi sono collocati fondi di economia, periodici di ingegneria e scienze, periodici di economia e statistica e altri fondi comprendenti documenti di economia pervenuti in dono. 912 $aIEI0082957 950 0$aBiblioteca Centralizzata di Ateneo$c1 v.$d 01LT (AR) 15 B 935$e 01AR 0700159355 VMA 1 v.$fB $h20140319$i20140319$c1 v. in due copie$d 01LT (AR) 15 937$e 01AR 0700159375 VMA (bis 1 v. (2. copia)$fY $h20190515$i20190515$c1 v. in 2 copie$d 01POZZO LIB.ECON MON 6705$e 0101 0000128025E VMA 1 v. ( Ristampa 1997)$fB $h20210317$i20210317$c1 v. in 2 copie$d 01POZZO LIB.ECON MON 6705$e 0101 0700169035E VMA (bis 1 v. (2. copia. Precedente collocazione 16 Ec 903)$fB $h20220721$i20220721 977 $a 01 996 $aImpresa e territorio$961457 997 $aUNISANNIO